[Event "Sada Coruna op"]
[Site "Sada"]
[Date "2022.09.11"]
[Round "9"]
[White "Diaz Gomez, Mateo"]
[Black "Gomez Dieguez, David"]
[Result "1/2-1/2"]
[WhiteElo "1945"]
[BlackElo "2332"]
[PlyCount "143"]
[EventDate "2022.09.04"]
[EventType "swiss"]
[EventRounds "9"]
[EventCountry "ESP"]
[SourceTitle "CBM 210 Extra"]
[Source "ChessBase"]
[SourceDate "2022.11.30"]
[SourceVersion "1"]
[SourceVersionDate "2022.11.30"]
[SourceQuality "1"]

1. e4 c6 2. d4 d5 3. e5 c5 4. dxc5 e6 5. Nf3 Bxc5 6. Bd3 Nd7 7. 0-0 Ne7 8. Re1 Qc7 9. Qe2 a6 10. c3 Ba7 11. Bf4 b5 12. Nbd2 Bb7 13. Nb3 Rb8 14. Nfd4 Bc6 15. Qh5 Nf8 16. Bg5 Neg6 17. Bd2 Bd7 18. f4 Ne7 19. Kh1 g6 20. Qg5 h5 21. Re2 Qd8 22. Rf1 Nf5 23. Nxf5 exf5 24. Qg3 Ne6 25. Be3 Qc7 26. Rd1 Bxe3 27. Qxe3 Qb6 28. Qxb6 Rxb6 29. g3 h4 30. Kg2 hxg3 31. hxg3 d4 32. Nxd4 Nxd4 33. cxd4 Bc6+ 34. Kf2 Bd5 35. Rc2 Rc6 36. Rxc6 Bxc6 37. Rc1 Kd7 38. Be2 Rh2+ 39. Ke3 Bd5 40. g4 fxg4 41. Bxg4+ Ke7 42. Be2 Rh3+ 43. Kf2 Rh2+ 44. Ke3 Rh3+ 45. Kf2 Rh2+ 46. Ke3 Rh3+ 47. Kf2 Bxa2 48. Ra1 Be6 49. Rxa6 Rb3 50. Ra2 Bd5 51. Ke1 Rb4 52. Ra7+ Kf8 53. Ra5 Rxd4 54. Rxb5 Be6 55. Kf2 Rxf4+ 56. Ke3 g5 57. b4 Kg7 58. Rb8 Bd5 59. b5 Re4+ 60. Kd3 Rxe5 61. b6 Re7 62. Bg4 Rb7 63. Rxb7 Bxb7 64. Ke3 Kg6 65. Bf3 Ba6 66. b7 Bxb7 67. Bxb7 Kh5 68. Bc8 Kh4 69. Kf3 f6 70. Bg4 f5 71. Bxf5 g4+ 72. Bxg4 1/2-1/2

[Event "Sada Coruna op"]
[Site "Sada"]
[Date "2022.09.06"]
[Round "4"]
[White "Zapata Campos, Ricardo Rodrigo"]
[Black "Gomez Dieguez, David"]
[Result "0-1"]
[WhiteElo "1785"]
[BlackElo "2332"]
[PlyCount "60"]
[EventDate "2022.09.04"]
[EventType "swiss"]
[EventRounds "9"]
[EventCountry "ESP"]
[SourceTitle "CBM 210 Extra"]
[Source "ChessBase"]
[SourceDate "2022.11.30"]
[SourceVersion "1"]
[SourceVersionDate "2022.11.30"]
[SourceQuality "1"]

1. e4 e5 2. Nf3 Nc6 3. Nc3 Nf6 4. Bc4 Nxe4 5. Qe2 Nxc3 6. dxc3 d6 7. Ng5 d5 8. Qf3 Be6 9. Nxe6 fxe6 10. Bb3 Bd6 11. Qg4 Qf6 12. 0-0 0-0 13. Be3 e4 14. f4 exf3 15. Rxf3 Ne5 16. Rxf6 Nxg4 17. Rxf8+ Rxf8 18. Bd4 Bxh2+ 19. Kh1 Bd6 20. c4 c5 21. Bg1 d4 22. Re1 Rf6 23. g3 Bxg3 24. Re4 Bf4 25. Bxd4 cxd4 26. Rxd4 h5 27. c5 Be3 28. Rd7 Rf1+ 29. Kg2 Rf2+ 30. Kg3 Bf4+ 0-1

[Event "Sada Coruna op"]
[Site "Sada"]
[Date "2022.09.04"]
[Round "1"]
[White "Gomez Dieguez, David"]
[Black "Villodas Vazquez, Alejandro"]
[Result "1-0"]
[WhiteElo "2332"]
[BlackElo "1613"]
[PlyCount "35"]
[EventDate "2022.09.04"]
[EventType "swiss"]
[EventRounds "9"]
[EventCountry "ESP"]
[SourceTitle "CBM 210 Extra"]
[Source "ChessBase"]
[SourceDate "2022.11.30"]
[SourceVersion "1"]
[SourceVersionDate "2022.11.30"]
[SourceQuality "1"]

1. e4 c5 2. Nc3 a6 3. Nge2 Nc6 4. g3 d6 5. Bg2 e5 6. Nd5 Nf6 7. Nec3 b5 8. d3 Be7 9. Nxe7 Nxe7 10. Bg5 b4 11. Bxf6 gxf6 12. Nb1 Rb8 13. Qh5 h6 14. Nd2 Be6 15. f4 exf4 16. gxf4 f5 17. Bh3 Kd7 18. exf5 1-0

[Event "ESP-ch 87th"]
[Site "Linares"]
[Date "2022.08.15"]
[Round "6"]
[White "Alvarez Pampillon, Antonio"]
[Black "Gomez Dieguez, David"]
[Result "0-1"]
[WhiteElo "2019"]
[BlackElo "2345"]
[PlyCount "102"]
[EventDate "2022.08.11"]
[EventType "swiss"]
[EventRounds "9"]
[EventCountry "ESP"]
[SourceTitle "CBM 209 Extra"]
[Source "ChessBase"]
[SourceDate "2022.09.30"]
[SourceVersion "1"]
[SourceVersionDate "2022.09.30"]
[SourceQuality "1"]

1. c4 Nf6 2. g3 e6 3. Bg2 d5 4. Nf3 d4 5. d3 c5 6. e3 Nc6 7. exd4 cxd4 8. 0-0 Bd6 9. Re1 0-0 10. Na3 e5 11. Nb5 Bb8 12. b4 a6 13. Na3 Nxb4 14. Nxe5 Qa5 15. Nf3 Bf5 16. Bf1 Bg4 17. Bb2 Qh5 18. Qd2 Bxf3 19. Qxb4 Bc7 20. Qe7 Ng4 21. h3 Ba5 22. Re4 Bxe4 23. Qxe4 Nf6 24. Qxd4 Rad8 25. Qf4 Rd7 26. Be5 Bd2 27. Qxd2 Qxe5 28. Re1 Qd4 29. Qb4 Re8 30. Nc2 Qd6 31. c5 Qd5 32. Rxe8+ Nxe8 33. a3 g6 34. d4 Nf6 35. Bg2 Qa2 36. Qa4 Re7 37. Ne3 Ne4 38. Qc2 Qa1+ 39. Kh2 Qxd4 40. Ng4 Nxc5 41. Qc1 Ne6 42. Bxb7 Rc7 43. Qb1 h5 44. Ne3 Qd2 45. Kg2 h4 46. Qe4 hxg3 47. Kxg3 Rc1 48. Bxa6 Qd6+ 49. f4 Qxa6 50. f5 Qd6+ 51. Kh4 g5+ 0-1

[Event "Titled Tuesday intern op 14th Jun Late"]
[Site "Chess.com INT"]
[Date "2022.06.14"]
[Round "1"]
[White "Gomez Dieguez, David"]
[Black "Golubev, Mikhail"]
[Result "0-1"]
[WhiteElo "2359"]
[BlackElo "2461"]
[PlyCount "74"]
[EventDate "2022.06.14"]
[EventType "swiss (blitz)"]
[EventRounds "11"]
[EventCountry "USA"]
[SourceTitle "EXT 2023"]
[Source "ChessBase"]
[SourceDate "2022.10.05"]
[SourceVersion "1"]
[SourceVersionDate "2022.10.05"]
[SourceQuality "1"]

1. c4 g6 2. Nf3 Bg7 3. d4 Nf6 4. g3 0-0 5. Bg2 d6 6. Nc3 Nbd7 7. 0-0 e5 8. e4 Re8 9. h3 b6 10. Re1 Bb7 11. d5 a5 12. Bg5 h6 13. Be3 Nc5 14. Qc1 Nd3 15. Qd2 Nxe1 16. Rxe1 Kh7 17. b3 Nd7 18. Qc2 Nc5 19. Nh2 Bc8 20. Nb5 Bd7 21. Nc3 f5 22. f3 f4 23. gxf4 exf4 24. Bxf4 Qh4 25. Bd2 Bxh3 26. Bxh3 Qxh3 27. Be3 Bxc3 28. Qxc3 Qg3+ 29. Kh1 Re5 30. Rg1 Qh3 31. Bf4 Rh5 32. Qf6 Qxf3+ 33. Rg2 Rg8 34. e5 Ne4 35. Qf7+ Rg7 36. Qf8 Qf1+ 37. Rg1 Nf2# 0-1

[Event "Titled Tuesday intern op 14th Jun Late"]
[Site "Chess.com INT"]
[Date "2022.06.14"]
[Round "9"]
[White "Gomez Dieguez, David"]
[Black "Jiganchine, Roman"]
[Result "0-1"]
[WhiteElo "2359"]
[BlackElo "2205"]
[PlyCount "194"]
[EventDate "2022.06.14"]
[EventType "swiss (blitz)"]
[EventRounds "11"]
[EventCountry "USA"]
[SourceTitle "EXT 2023"]
[Source "ChessBase"]
[SourceDate "2022.10.05"]
[SourceVersion "1"]
[SourceVersionDate "2022.10.05"]
[SourceQuality "1"]

1. c4 e6 2. Nf3 d5 3. e3 Nf6 4. Nc3 Be7 5. b3 0-0 6. Bb2 c5 7. cxd5 exd5 8. d4 Nc6 9. Be2 Bg4 10. dxc5 Bxc5 11. 0-0 Re8 12. Rc1 Bb4 13. h3 Be6 14. Nb5 Ne4 15. a3 Bf8 16. b4 a5 17. Nbd4 axb4 18. Nxc6 bxc6 19. axb4 Qb6 20. Qd4 Qb7 21. Ne5 c5 22. bxc5 Bxc5 23. Rxc5 Nxc5 24. Nd3 f6 25. Nxc5 Qa7 26. Nxe6 Rxe6 27. Qxa7 Rxa7 28. Bd4 Ra2 29. Bf3 Rd6 30. Ra1 Rxa1+ 31. Bxa1 Kf7 32. Bd4 Ke6 33. Kf1 Rd7 34. Ke2 g6 35. Bg4+ f5 36. Bf3 Rb7 37. g4 Rc7 38. Kd3 Rc1 39. Kd2 Rf1 40. Ke2 Rb1 41. g5 Rc1 42. h4 Rc2+ 43. Kf1 Rc1+ 44. Kg2 Rc2 45. Bd1 Rc1 46. Ba4 Ra1 47. Bc6 Ra2 48. Bb7 Rc2 49. Bc8+ Ke7 50. Bf6+ Kf7 51. Bb7 Ke6 52. Kf3 Rd2 53. Bc8+ Kf7 54. Bc3 Rc2 55. Bd4 Rxc8 56. Kf4 Ke6 57. f3 Rc2 58. Kg3 Re2 59. Bc5 Rd2 60. Bd4 Rc2 61. h5 Rc4 62. hxg6 hxg6 63. Kf4 Rc2 64. Kg3 Re2 65. f4 Rd2 66. Kf3 Rc2 67. Bb6 Kd7 68. Bd4 Kc6 69. Ba7 Kb5 70. Bd4 Kc4 71. Ba7 Kd3 72. Bb6 Rc4 73. Ba7 Rb4 74. Bc5 Ra4 75. Bb6 Ra1 76. Bc5 Re1 77. Kg2 Ke4 78. Kf2 Rd1 79. Bb6 Rd2+ 80. Ke1 Kd3 81. Bd4 Re2+ 82. Kf1 Rxe3 83. Be5 Re4 84. Kf2 Re3 85. Bd6 Re2+ 86. Kf3 Rc2 87. Be5 d4 88. Bd6 Rc4 89. Be5 Rc2 90. Bf6 Re2 91. Bd8 Re4 92. Bb6 Kc4 93. Ba5 d3 94. Bd2 Kb3 95. Be3 Kc2 96. Bc5 d2 97. Ba3 d1Q+ 0-1

[Event "Titled Tuesday intern op 07th Jun Late"]
[Site "Chess.com INT"]
[Date "2022.06.07"]
[Round "1"]
[White "Gomez Dieguez, David"]
[Black "Ezat, Mohamed Mahmoud"]
[Result "0-1"]
[WhiteElo "2359"]
[BlackElo "2389"]
[PlyCount "92"]
[EventDate "2022.06.07"]
[EventType "swiss (blitz)"]
[EventRounds "11"]
[EventCountry "USA"]
[SourceTitle "CBM 208 Extra"]
[Source "ChessBase"]
[SourceDate "2022.07.31"]
[SourceVersion "1"]
[SourceVersionDate "2022.07.31"]
[SourceQuality "1"]

1. c4 Nf6 2. Nf3 g6 3. d4 Bg7 4. g3 d6 5. Nc3 0-0 6. Bg2 Nc6 7. 0-0 Bg4 8. d5 Na5 9. Nd4 Nxc4 10. h3 Bd7 11. b3 Nb6 12. Bb2 Qc8 13. Kh2 c5 14. dxc6 bxc6 15. Rc1 c5 16. Nf3 Bc6 17. Re1 Qb7 18. Nh4 Bxg2 19. Nxg2 Nbd5 20. Nxd5 Qxd5 21. Qc2 Qe4 22. Qd2 Qb7 23. f3 a5 24. e4 a4 25. Bxf6 Bxf6 26. Rb1 axb3 27. Rxb3 Qa6 28. Re2 Rfb8 29. Nf4 Rxb3 30. axb3 Bg5 31. h4 Bxf4 32. gxf4 Qa1 33. b4 cxb4 34. Qxb4 Qf6 35. Kg3 e5 36. fxe5 dxe5 37. Qb7 Rd8 38. Rc2 Rd3 39. Qc8+ Kg7 40. Qg4 h5 41. Qg5 Qxf3+ 42. Kh2 Qh3+ 43. Kg1 Rd1+ 44. Kf2 Rf1+ 45. Ke2 Qf3+ 46. Kd2 Rd1# 0-1

[Event "Titled Tuesday intern op 07th Jun Late"]
[Site "Chess.com INT"]
[Date "2022.06.07"]
[Round "6"]
[White "Gomez Dieguez, David"]
[Black "Stanisz, Patryk"]
[Result "0-1"]
[WhiteElo "2359"]
[BlackElo "2199"]
[PlyCount "70"]
[EventDate "2022.06.07"]
[EventType "swiss (blitz)"]
[EventRounds "11"]
[EventCountry "USA"]
[SourceTitle "CBM 208 Extra"]
[Source "ChessBase"]
[SourceDate "2022.07.31"]
[SourceVersion "1"]
[SourceVersionDate "2022.07.31"]
[SourceQuality "1"]

1. c4 c6 2. Nf3 c5 3. Nc3 Nc6 4. e3 d6 5. d4 Nf6 6. d5 Nb8 7. e4 Bg4 8. Qa4+ Qd7 9. Qc2 Bxf3 10. gxf3 g6 11. h4 a6 12. Bh3 Qc7 13. Bf4 Nbd7 14. Qd2 h5 15. Ke2 Rb8 16. a4 Bg7 17. Bg5 Ne5 18. b3 Qa5 19. Rhc1 Qb4 20. Na2 Qxb3 21. Qc2 Qxf3+ 22. Ke1 Qxh3 23. Rab1 Nd3+ 24. Ke2 Nxc1+ 25. Nxc1 Qg4+ 26. Kf1 Qxe4 27. Nd3 Ng4 28. Re1 Qh1+ 29. Ke2 Qh2 30. Kd1 Bf6 31. Qe2 Bxg5 32. hxg5 0-0 33. Qxe7 Rbe8 34. Qxd6 Rxe1+ 35. Kxe1 Qxd6 0-1

[Event "Titled Tuesday intern op 07th Jun Late"]
[Site "Chess.com INT"]
[Date "2022.06.07"]
[Round "3"]
[White "Kujawski, Adam"]
[Black "Gomez Dieguez, David"]
[Result "1-0"]
[WhiteElo "2246"]
[BlackElo "2359"]
[PlyCount "121"]
[EventDate "2022.06.07"]
[EventType "swiss (blitz)"]
[EventRounds "11"]
[EventCountry "USA"]
[SourceTitle "CBM 208 Extra"]
[Source "ChessBase"]
[SourceDate "2022.07.31"]
[SourceVersion "1"]
[SourceVersionDate "2022.07.31"]
[SourceQuality "1"]

1. e4 c6 2. d4 d5 3. Nc3 dxe4 4. Nxe4 Bf5 5. Ng3 Bg6 6. h4 h6 7. Nf3 Nd7 8. h5 Bh7 9. Bd3 Bxd3 10. Qxd3 e6 11. Bd2 Ngf6 12. Ne4 Nxe4 13. Qxe4 Be7 14. 0-0-0 0-0 15. g4 Nf6 16. Qe2 Qd5 17. c4 Qe4 18. Qxe4 Nxe4 19. Be1 Rad8 20. Ne5 Bg5+ 21. Kc2 Bf4 22. Nd3 Bc7 23. f3 Ng5 24. Bb4 Rfe8 25. Ne1 a5 26. Bc3 b5 27. b3 e5 28. dxe5 Rxd1 29. Kxd1 b4 30. Bb2 Bxe5 31. Bxe5 Rxe5 32. f4 Rxe1+ 33. Kxe1 Ne4 34. Ke2 Nc3+ 35. Kd3 Nxa2 36. Ra1 Nc3 37. Rxa5 Nd1 38. Rc5 Nf2+ 39. Kc2 Nxg4 40. Rxc6 Nf6 41. Rc8+ Kh7 42. c5 Nxh5 43. c6 Nxf4 44. Rd8 Ne6 45. Rd6 Nc7 46. Rd7 Na6 47. c7 Nxc7 48. Rxc7 f5 49. Kd3 Kg6 50. Ke3 Kf6 51. Rc6+ Ke5 52. Rb6 g5 53. Rxb4 f4+ 54. Kf3 h5 55. Rb5+ Kf6 56. b4 h4 57. Kg4 f3 58. Kxf3 Kg6 59. Kg4 Kf6 60. Rxg5 h3 61. Rh5 1-0

[Event "Titled Tuesday intern op 07th Jun Late"]
[Site "Chess.com INT"]
[Date "2022.06.07"]
[Round "7"]
[White "Palacio, Igor Da Paz"]
[Black "Gomez Dieguez, David"]
[Result "0-1"]
[WhiteElo "2172"]
[BlackElo "2359"]
[PlyCount "72"]
[EventDate "2022.06.07"]
[EventType "swiss (blitz)"]
[EventRounds "11"]
[EventCountry "USA"]
[SourceTitle "CBM 208 Extra"]
[Source "ChessBase"]
[SourceDate "2022.07.31"]
[SourceVersion "1"]
[SourceVersionDate "2022.07.31"]
[SourceQuality "1"]

1. e4 c6 2. Nc3 d5 3. d4 dxe4 4. Nxe4 Bf5 5. Ng3 Bg6 6. h4 h6 7. Nh3 Nf6 8. Nf4 Bh7 9. Bc4 e5 10. Nfe2 Nbd7 11. c3 Bd6 12. Bd3 Bxd3 13. Qxd3 0-0 14. Nf5 Bc7 15. Be3 Ng4 16. Bd2 Qf6 17. Neg3 exd4 18. Qf3 Nge5 19. Qe2 d3 20. Qh5 Nc4 21. 0-0-0 Nxd2 22. Kxd2 Bf4+ 23. Kxd3 Rad8 24. Kc2 Nb6 25. Qf3 Bc7 26. Nd4 Qg6+ 27. Qd3 Qf6 28. Qf3 Qg6+ 29. Ngf5 Nd5 30. Kb3 Rfe8 31. Rhe1 Be5 32. Re4 Bf6 33. Rxe8+ Rxe8 34. Nd6 Rd8 35. N6f5 a5 36. a4 Re8 0-1

[Event "Titled Tuesday intern op 31st May Late"]
[Site "Chess.com INT"]
[Date "2022.05.31"]
[Round "5"]
[White "Kovacevic, Radmila"]
[Black "Gomez Dieguez, David"]
[Result "1-0"]
[WhiteElo "2113"]
[BlackElo "2359"]
[PlyCount "129"]
[EventDate "2022.05.31"]
[EventType "swiss (blitz)"]
[EventRounds "11"]
[EventCountry "USA"]
[SourceTitle "CBM 208 Extra"]
[Source "ChessBase"]
[SourceDate "2022.07.31"]
[SourceVersion "1"]
[SourceVersionDate "2022.07.31"]
[SourceQuality "1"]

1. e4 c6 2. d4 d5 3. exd5 cxd5 4. Nf3 Nf6 5. Bd3 Nc6 6. 0-0 Bg4 7. c3 e6 8. Qb3 Bxf3 9. Qxb7 Qc8 10. Ba6 Ne7 11. Qb5+ Qd7 12. gxf3 Qxb5 13. Bxb5+ Kd8 14. a4 a6 15. Bd3 Ng6 16. Bg5 Bd6 17. Re1 Nf4 18. Bf1 h6 19. Bh4 Kd7 20. Nd2 Rhb8 21. b4 Rc8 22. Re3 Ng6 23. Bg3 Nf4 24. b5 axb5 25. Bxb5+ Ke7 26. Nb3 Rcb8 27. Rae1 g5 28. Kf1 Kf8 29. Nc5 h5 30. h4 Rc8 31. hxg5 Nh7 32. Nd7+ Kg7 33. Nb6 Nxg5 34. Nxa8 Rxa8 35. Re5 Bxe5 36. Rxe5 f6 37. Bxf4 fxe5 38. Bxg5 Kg6 39. Be3 exd4 40. Bxd4 Kf5 41. Bd3+ Kg5 42. Bc2 h4 43. Kg2 Rb8 44. Be3+ Kh5 45. a5 Rb2 46. Bd1 Ra2 47. f4+ Kg6 48. Bb6 Kf5 49. Bc7 Rd2 50. Bf3 Ra2 51. Kh3 Ra3 52. Bg4+ Kf6 53. Kxh4 Rxc3 54. Be5+ Kg6 55. Bxc3 e5 56. Bxe5 Kh6 57. Be6 Kg6 58. Bxd5 Kh6 59. a6 Kg6 60. a7 Kf5 61. f3 Kg6 62. a8Q Kf5 63. Qf8+ Kg6 64. Qf7+ Kh6 65. Qg7# 1-0

[Event "Titled Tuesday intern op 31st May Late"]
[Site "Chess.com INT"]
[Date "2022.05.31"]
[Round "2"]
[White "Mikhalsky, Vladimir"]
[Black "Gomez Dieguez, David"]
[Result "1-0"]
[WhiteElo "2269"]
[BlackElo "2359"]
[PlyCount "71"]
[EventDate "2022.05.31"]
[EventType "swiss (blitz)"]
[EventRounds "11"]
[EventCountry "USA"]
[SourceTitle "CBM 208 Extra"]
[Source "ChessBase"]
[SourceDate "2022.07.31"]
[SourceVersion "1"]
[SourceVersionDate "2022.07.31"]
[SourceQuality "1"]

1. c4 c5 2. Nf3 Nc6 3. d4 cxd4 4. Nxd4 Nf6 5. Nc3 e6 6. Ndb5 d5 7. cxd5 exd5 8. Nxd5 Nxd5 9. Qxd5 Bb4+ 10. Bd2 Bxd2+ 11. Qxd2 Qxd2+ 12. Kxd2 0-0 13. e4 a6 14. Nc7 Ra7 15. Rc1 Rd8+ 16. Ke3 Ne5 17. f3 Bd7 18. Be2 Nc6 19. Rhd1 b5 20. Rxc6 f5 21. Rcc1 fxe4 22. fxe4 Kf7 23. Bg4 Ke7 24. Nd5+ Kf7 25. Nb6 Ke7 26. Rxd7+ Rdxd7 27. Nxd7 h5 28. Bh3 g5 29. Bf5 a5 30. Ne5 Kf6 31. Rc6+ Kg7 32. Rg6+ Kf8 33. Rxg5 b4 34. Rxh5 Rg7 35. Rh8+ Ke7 36. Rh7 1-0

[Event "Titled Tuesday intern op 31st May Late"]
[Site "Chess.com INT"]
[Date "2022.05.31"]
[Round "11"]
[White "Mirza, Diana"]
[Black "Gomez Dieguez, David"]
[Result "0-1"]
[WhiteElo "1906"]
[BlackElo "2359"]
[PlyCount "160"]
[EventDate "2022.05.31"]
[EventType "swiss (blitz)"]
[EventRounds "11"]
[EventCountry "USA"]
[SourceTitle "CBM 208 Extra"]
[Source "ChessBase"]
[SourceDate "2022.07.31"]
[SourceVersion "1"]
[SourceVersionDate "2022.07.31"]
[SourceQuality "1"]

1. b4 d5 2. Bb2 Nf6 3. e3 Bf5 4. c4 e6 5. c5 c6 6. Nf3 Be7 7. Be2 h6 8. 0-0 0-0 9. a4 a5 10. Nd4 axb4 11. Nxf5 exf5 12. Qc2 Ne4 13. f3 Nxc5 14. Qxf5 Qd7 15. Qh5 Rxa4 16. Rxa4 Nxa4 17. Ba1 Qe6 18. f4 Bf6 19. f5 Qe7 20. Bxf6 Qxf6 21. d4 Qg5 22. Qh3 Re8 23. Rf3 Nd7 24. Rg3 Qf6 25. Nd2 Nc3 26. Bd3 Ne4 27. Bxe4 dxe4 28. Qg4 b3 29. Nxe4 Rxe4 30. Qxe4 Kh7 31. Qb1 b6 32. e4 Qd6 33. Rxb3 Qxd4+ 34. Kf1 c5 35. f6 Qxf6+ 36. Rf3 Qd4 37. e5+ Kg8 38. Qf5 Nxe5 39. Qc8+ Kh7 40. Qf5+ g6 41. Qf6 Nxf3 42. Qxf7+ Qg7 43. Qxf3 Qe7 44. Qc6 Kg7 45. Qxb6 Qf6+ 46. Qxf6+ Kxf6 47. Ke2 Ke5 48. Kd3 Kd5 49. Kc3 g5 50. g4 c4 51. h3 Kc5 52. Kc2 Kd4 53. Kd2 c3+ 54. Kc2 Kc4 55. Kc1 Kd3 56. Kd1 Ke3 57. Kc2 Kf3 58. Kxc3 Kg3 59. Kd2 Kxh3 60. Ke2 Kxg4 61. Kf2 Kf4 62. Kg2 h5 63. Kh3 Kf3 64. Kh2 g4 65. Kh1 Kg3 66. Kg1 h4 67. Kh1 Kh3 68. Kg1 Kg3 69. Kh1 Kf4 70. Kh2 Ke3 71. Kg2 g3 72. Kh1 Kf4 73. Kg2 Kg4 74. Kh1 h3 75. Kg1 g2 76. Kh2 Kf3 77. Kg1 h2+ 78. Kxh2 Kf2 79. Kh3 g1Q 80. Kh4 Kf3 0-1

[Event "Titled Tuesday intern op 24th May Late"]
[Site "Chess.com INT"]
[Date "2022.05.24"]
[Round "8"]
[White "Gomez Dieguez, David"]
[Black "Dahlgren, James Allen"]
[Result "1-0"]
[WhiteElo "2359"]
[BlackElo "1851"]
[PlyCount "37"]
[EventDate "2022.05.24"]
[EventType "swiss (blitz)"]
[EventRounds "11"]
[EventCountry "USA"]
[SourceTitle "EXT 2023"]
[Source "ChessBase"]
[SourceDate "2022.10.05"]
[SourceVersion "1"]
[SourceVersionDate "2022.10.05"]
[SourceQuality "1"]

1. c4 e6 2. Nf3 d5 3. e3 Nf6 4. Nc3 c5 5. cxd5 exd5 6. d4 Be6 7. Bb5+ Nc6 8. 0-0 Be7 9. b3 0-0 10. dxc5 Bxc5 11. Bb2 h6 12. Rc1 Qd6 13. h3 Rad8 14. Ne2 a6 15. Bxf6 gxf6 16. Bd3 Ne5 17. Nfd4 Nxd3 18. Qxd3 Qe5 19. Rxc5 1-0

[Event "Titled Tuesday intern op 24th May Late"]
[Site "Chess.com INT"]
[Date "2022.05.24"]
[Round "3"]
[White "Gomez Dieguez, David"]
[Black "Wu, Derek"]
[Result "0-1"]
[WhiteElo "2359"]
[BlackElo "2180"]
[PlyCount "70"]
[EventDate "2022.05.24"]
[EventType "swiss (blitz)"]
[EventRounds "11"]
[EventCountry "USA"]
[SourceTitle "EXT 2023"]
[Source "ChessBase"]
[SourceDate "2022.10.05"]
[SourceVersion "1"]
[SourceVersionDate "2022.10.05"]
[SourceQuality "1"]

1. c4 e5 2. Nc3 Nc6 3. Nf3 f5 4. g3 Nf6 5. d4 e4 6. Nh4 g6 7. Ng2 Bg7 8. h4 0-0 9. Nf4 Ng4 10. e3 Ne7 11. Be2 Nf6 12. d5 d6 13. Qb3 b6 14. 0-0 h6 15. Bd2 g5 16. hxg5 hxg5 17. Nh3 Nh7 18. Kg2 Ng6 19. Nb5 f4 20. gxf4 Bxh3+ 21. Kxh3 gxf4 22. exf4 Qh4+ 23. Kg2 Rxf4 24. Qg3 Raf8 25. Qxh4 Nxh4+ 26. Kh2 Rxf2+ 27. Rxf2 Rxf2+ 28. Kg3 Rxe2 29. Kxh4 Rxd2 30. Nxc7 Rxb2 31. Rg1 Kf7 32. Nb5 Be5 33. Rf1+ Nf6 34. Nxa7 Rh2+ 35. Kg5 Rh5# 0-1

[Event "Titled Tuesday intern op 17th May Late"]
[Site "Chess.com INT"]
[Date "2022.05.17"]
[Round "9"]
[White "De Souza, Cristiano Gomes"]
[Black "Gomez Dieguez, David"]
[Result "1-0"]
[WhiteElo "2018"]
[BlackElo "2359"]
[PlyCount "71"]
[EventDate "2022.05.17"]
[EventType "swiss (blitz)"]
[EventRounds "11"]
[EventCountry "USA"]
[SourceTitle "CBM 208 Extra"]
[Source "ChessBase"]
[SourceDate "2022.07.31"]
[SourceVersion "1"]
[SourceVersionDate "2022.07.31"]
[SourceQuality "1"]

1. d4 Nf6 2. c4 e6 3. Nf3 d5 4. Nc3 c5 5. cxd5 Nxd5 6. e4 Nxc3 7. bxc3 cxd4 8. cxd4 Bb4+ 9. Bd2 Bxd2+ 10. Qxd2 0-0 11. Rc1 b6 12. Bd3 Bb7 13. 0-0 Nd7 14. Rfd1 Rc8 15. d5 Rxc1 16. Qxc1 exd5 17. exd5 Nc5 18. Bc4 Qd6 19. h3 Re8 20. Qc3 Ne4 21. Qd4 Qc5 22. Bb3 Qxd4 23. Rxd4 Nd6 24. Kh2 f6 25. Rd2 Kf7 26. Nd4 Ne4 27. Re2 Nc5 28. Rxe8 Kxe8 29. Bc4 Kd7 30. Bb5+ Kd6 31. Bc6 Bc8 32. Nb5+ Ke5 33. Nxa7 Nd3 34. Nxc8 Nxf2 35. d6 Ke6 36. d7 1-0

[Event "Titled Tuesday intern op 17th May Late"]
[Site "Chess.com INT"]
[Date "2022.05.17"]
[Round "1"]
[White "Gomez Dieguez, David"]
[Black "Fiedorek, Michal"]
[Result "0-1"]
[WhiteElo "2359"]
[BlackElo "2315"]
[PlyCount "67"]
[EventDate "2022.05.17"]
[EventType "swiss (blitz)"]
[EventRounds "11"]
[EventCountry "USA"]
[SourceTitle "CBM 208 Extra"]
[Source "ChessBase"]
[SourceDate "2022.07.31"]
[SourceVersion "1"]
[SourceVersionDate "2022.07.31"]
[SourceQuality "1"]

1. c4 e6 2. Nf3 b6 3. Nc3 Bb7 4. a3 Nf6 5. d4 Be7 6. d5 0-0 7. e4 exd5 8. exd5 Re8 9. Be2 a5 10. 0-0 Na6 11. Bf4 Nc5 12. Re1 a4 13. Nd4 Bf8 14. Ncb5 d6 15. Bf3 Qd7 16. Rxe8 Rxe8 17. Qc2 g6 18. h3 Bg7 19. Be3 Nfe4 20. Bxe4 Rxe4 21. Rd1 Qe7 22. Qd2 h5 23. Bg5 Qe5 24. Bd8 Ba6 25. Bxc7 Bxb5 26. Nxb5 Re2 27. Qd4 Re1+ 28. Rxe1 Qxe1+ 29. Kh2 Bxd4 30. Nxd4 Qe5+ 31. g3 Qxd4 32. Bxb6 Qxf2+ 33. Kh1 Qf1+ 34. Kh2 0-1

[Event "Titled Tuesday intern op 17th May Late"]
[Site "Chess.com INT"]
[Date "2022.05.17"]
[Round "2"]
[White "Gomez Dieguez, David"]
[Black "Petrovic, Aleksa"]
[Result "0-1"]
[WhiteElo "2359"]
[BlackElo "2266"]
[PlyCount "68"]
[EventDate "2022.05.17"]
[EventType "swiss (blitz)"]
[EventRounds "11"]
[EventCountry "USA"]
[SourceTitle "CBM 208 Extra"]
[Source "ChessBase"]
[SourceDate "2022.07.31"]
[SourceVersion "1"]
[SourceVersionDate "2022.07.31"]
[SourceQuality "1"]

1. c4 Nf6 2. Nf3 c5 3. Nc3 Nc6 4. e3 d5 5. cxd5 Nxd5 6. Bb5 Ndb4 7. d4 cxd4 8. exd4 a6 9. Bxc6+ bxc6 10. 0-0 g6 11. a3 Nd5 12. Ne5 Nxc3 13. bxc3 Qd5 14. c4 Qe6 15. Re1 Bg7 16. Qa4 Bd7 17. Bf4 0-0 18. c5 Rfd8 19. Nc4 Qg4 20. Be5 Be6 21. Ne3 Qe4 22. Bxg7 Kxg7 23. Rad1 Rab8 24. f3 Qf4 25. Qxc6 Rxd4 26. Qxa6 Rxd1 27. Nxd1 Qd4+ 28. Kh1 Qxc5 29. Qe2 Rb1 30. h3 Bb3 31. Kh2 Qd6+ 32. g3 Rxd1 33. Rxd1 Bxd1 34. Qb2+ f6 0-1

[Event "Titled Tuesday intern op 17th May Late"]
[Site "Chess.com INT"]
[Date "2022.05.17"]
[Round "4"]
[White "Lehtosaari, Mauri"]
[Black "Gomez Dieguez, David"]
[Result "1-0"]
[WhiteElo "2199"]
[BlackElo "2359"]
[PlyCount "95"]
[EventDate "2022.05.17"]
[EventType "swiss (blitz)"]
[EventRounds "11"]
[EventCountry "USA"]
[SourceTitle "CBM 208 Extra"]
[Source "ChessBase"]
[SourceDate "2022.07.31"]
[SourceVersion "1"]
[SourceVersionDate "2022.07.31"]
[SourceQuality "1"]

1. d4 Nf6 2. Nf3 d5 3. Bg5 c5 4. c3 Nc6 5. e3 e6 6. Nbd2 cxd4 7. exd4 h6 8. Bh4 Be7 9. Bd3 0-0 10. 0-0 Bd7 11. Rc1 Rc8 12. Bb1 g6 13. Re1 Kg7 14. Ne5 Nxe5 15. dxe5 Nh7 16. Bxe7 Qxe7 17. Nb3 Rc4 18. Nd4 Rfc8 19. f4 Qh4 20. g3 Qh3 21. Bd3 R4c7 22. Bf1 Qh5 23. Be2 Qh3 24. Bg4 Qxg4 25. Qxg4 h5 26. Qf3 Rc4 27. h3 b5 28. Qe3 a5 29. g4 hxg4 30. hxg4 Nf8 31. Kf2 Nh7 32. Rh1 b4 33. cxb4 axb4 34. Rxc4 dxc4 35. f5 g5 36. Rxh7+ Kxh7 37. Qxg5 Rg8 38. Qh5+ Kg7 39. f6+ Kf8 40. g5 c3 41. bxc3 bxc3 42. Ke3 Ba4 43. Kd3 c2 44. Nxc2 Bb5+ 45. Kd4 Ke8 46. Qh7 Rf8 47. g6 fxg6 48. Qe7# 1-0